Complete the Dreamworks Movie Title p2 - Statistics

General Stats
  • This quiz has been taken 40 times
  • The average score is 10 of 15
Answer Stats
Hint Answer % Correct
Monsters Vs ______ Aliens
93%
Over the _____ Hedge
93%
Shark ____ Tale
93%
Shrek the _____ Third
86%
The ______ of Egypt Prince
82%
Chicken ___ Run
79%
Madagascar: Escape 2 ______ Africa
71%
The ____ to El Dorado Road
68%
_______ Away Flushed
61%
Wallace and Gromit: the _____ of the Were-rabbit Curse
54%
The Croods: A new ___ Age
50%
The ____ Robot Wild
46%
Trolls ____ together Band
43%
Ruby Gillman _______ Kraken Teenage
39%
Orion and the ____ Dark
21%
No matching quizzes found
Score Distribution
Percent of People with Each Score
Percentile by Number Answered
Your Score History
You have not taken this quiz